Math, Kindergarten. (Record no. 112638)
[ view plain ]
| 000 -LEADER | |
|---|---|
| fixed length control field | 00315nam a2200133 a 4500 |
| 005 - DATE AND TIME OF LATEST TRANSACTION | |
| control field | 20140414131943.0 |
| 008 - FIXED-LENGTH DATA ELEMENTS--GENERAL INFORMATION | |
| fixed length control field | 110127s19uu xx 00 eng d |
| 050 ## - LIBRARY OF CONGRESS CALL NUMBER | |
| Classification number | TR 372.7 |
| Item number | M42 2007 |
| 245 ## - TITLE STATEMENT | |
| Title | Math, Kindergarten. |
| 440 ## - SERIES STATEMENT/ADDED ENTRY--TITLE | |
| Title | Junior Academic Series |
| Withdrawn status | Lost status | Damaged status | Home library | Current library | Shelving location | Date acquired | Total Checkouts | Full call number | Barcode | Date last seen | Price effective from | Koha item type |
|---|---|---|---|---|---|---|---|---|---|---|---|---|
| Munich Library | Munich Library | Teachers Reference Section | 01/27/2011 | TR 372.7 M42 2007 | M4014 | 04/14/2014 | 04/14/2014 | Books | ||||
| Munich Library | Munich Library | Teachers Reference Section | 01/27/2011 | TR 372.7 M42 2007 | M4012 | 04/14/2014 | 04/14/2014 | Books | ||||
| Munich Library | Munich Library | Teachers Reference Section | 01/27/2011 | TR 372.7 M42 2007 | M4008 | 04/14/2014 | 04/14/2014 | Books |